000 01267nam a22001937a 4500
005 20260127151757.0
008 230718b ||||| |||| 00| 0 eng d
040 _cSSBUL
_dSSBUL
082 _223
_a၃၆၁.၇၇၂ အောင် ၁၆၀၆၁ (S-SAT)
100 0 _aအောင်လှိုင်မြင့်၊
_cစိုင်း၊
_q(ကမ္ဘာ့ကြက်ခြေနီအမြင့်ဆုံး ဟင်နရီဒူးနန်ဘွဲ့ရ)။
_928126
245 _aသုံးဆယ့်တစ်ရက် နိုင်ငံခြားခရီး /
_cစိုင်းအောင်လှိုင်မြင့် (ကမ္ဘာ့ကြက်ခြေနီအမြင့်ဆုံးဟင်နရီ ဒူးနန်ဘွဲ့ရ)။
260 _aရန်ကုန်၊
_bသင်းစာပေ၊
_c၁၉၇၈။
300 _a၂၆၂ စာမျက်နှာ၊
_bဓာတ်ပုံများ၊
_c၁၇ စင်တီ။
500 _aS-SAT: Dr. Prof Sai Aung Tun
650 _aကြက်ခြေနီ။
_928127
650 _aဟင်နရီဒူးနန့်ဆု။
_928128
650 _aခရီးသွားမှတ်တမ်း။
_928129
942 _2ddc
_cBK1
999 _c27316
_d27316